Manual de silvicultura, manejo y utilización del guayacán
Uloženo v:
| Hlavní autoři: | , , |
|---|---|
| Médium: | Kniha |
| Jazyk: | španělština |
| Vydáno: |
Santiago
Universidad de Chile
2008
|
| Témata: | |
| Tagy: |
Přidat tag
Žádné tagy, Buďte první, kdo vytvoří štítek k tomuto záznamu!
|
MARC
| LEADER | 00000nam a2200000 a 4500 | ||
|---|---|---|---|
| 001 | UCH9682 | ||
| 003 | CL-VaPUC | ||
| 008 | 100121e20080000CL |||||||||||||||||spa|d | ||
| 082 | 0 | 4 | |a 635.977 |b VIT |2 21 |
| 100 | 0 | |a Vita Alonso, Antonio |e author |9 546920 | |
| 700 | 0 | |a Luna Wolter, Gabriela |e author |9 546921 | |
| 700 | 0 | |a Díaz Vergara, Paulo |e author |9 546922 | |
| 245 | 1 | 0 | |a Manual de silvicultura, manejo y utilización del guayacán |
| 300 | |a 54 p | ||
| 942 | |c BK | ||
| 945 | |d 20100121 00:00:00 |a rbrito | ||
| 260 | |a Santiago |b Universidad de Chile |c 2008 | ||
| 650 | 7 | |a SILVICULTURA |2 CL-VaPUC |9 264178 | |
| 650 | 7 | |a GUAYACAN |2 CL-VaPUC |9 546923 | |
| 650 | 0 | |a Cultivo |9 264268 | |
| 650 | 0 | |a Control de plagas |9 327373 | |
| 583 | |a last modification |c 20100121 00:00:00 |k Rodrigo Vera | ||
| 999 | |c 339598 |d 339596 | ||
| 952 | |0 0 |1 0 |4 0 |6 635_977000000000000_VIT_2008 |7 0 |8 A |9 433322 |a BIBAGR |b BIBAGR |d 2019-11-22 |i 4636317 |o 635.977 VIT 2008 |p 4636317 |r 2025-01-20 |w 2019-11-22 |y BK |k AGR | ||